| 000 -LEADER |
| fixed length control field |
01788cam a2200409 i 4500 |
| 001 - CONTROL NUMBER |
| control field |
928136958 |
| 003 - CONTROL NUMBER IDENTIFIER |
| control field |
OCoLC |
| 005 - DATE AND TIME OF LATEST TRANSACTION |
| control field |
20210411102958.0 |
| 008 - FIXED-LENGTH DATA ELEMENTS--GENERAL INFORMATION |
| fixed length control field |
151102s2016 nyu 000 0 eng |
| 010 ## - LIBRARY OF CONGRESS CONTROL NUMBER |
| LC control number |
2015042727 |
| 020 ## - INTERNATIONAL STANDARD BOOK NUMBER |
| International Standard Book Number |
9781259641213 |
| Qualifying information |
(pbk.) |
| 020 ## - INTERNATIONAL STANDARD BOOK NUMBER |
| International Standard Book Number |
125964121X |
| Qualifying information |
(pbk.) |
| 035 ## - SYSTEM CONTROL NUMBER |
| System control number |
(OCoLC)928136958 |
| Canceled/invalid control number |
(OCoLC)922630443 |
| 040 ## - CATALOGING SOURCE |
| Original cataloging agency |
DNLM/DLC |
| Language of cataloging |
eng |
| Description conventions |
rda |
| Transcribing agency |
DLC |
| Modifying agency |
YDXCP |
| -- |
CLE |
| -- |
OCLCQ |
| -- |
CDX |
| 042 ## - AUTHENTICATION CODE |
| Authentication code |
pcc |
| 043 ## - GEOGRAPHIC AREA CODE |
| Geographic area code |
n-us--- |
| 049 ## - LOCAL HOLDINGS (OCLC) |
| Holding library |
YYEA |
| 080 ## - UNIVERSAL DECIMAL CLASSIFICATION NUMBER |
| Universal Decimal Classification number |
17 |
| Item number |
F-58 |
| 099 ## - LOCAL FREE-TEXT CALL NUMBER (OCLC) |
| Classification number |
INTERNET LINK |
| 100 1# - MAIN ENTRY--PERSONAL NAME |
| Personal name |
Fischer, Conrad. |
| 245 10 - TITLE STATEMENT |
| Title |
Medical ethics for the boards |
| Medium |
[electronic resource] / |
| Statement of responsibility, etc. |
Conrad Fischer. |
| 250 ## - EDITION STATEMENT |
| Edition statement |
3rd ed. |
| 260 ## - PUBLICATION, DISTRIBUTION, ETC. |
| Place of publication, distribution, etc. |
New York : |
| Name of publisher, distributor, etc. |
McGraw-Hill Education, |
| Date of publication, distribution, etc. |
[2016] |
| 300 ## - PHYSICAL DESCRIPTION |
| Extent |
187 pages ; |
| Dimensions |
28 cm. |
| 365 ## - TRADE PRICE |
| Price amount |
24.99 usd |
| 500 ## - GENERAL NOTE |
| General note |
EINSTEIN: available online via McGraw-Hill. See Reference staff for assistance. |
| 505 0# - FORMATTED CONTENTS NOTE |
| Formatted contents note |
Autonomy -- Competence and the capacity to make decisions -- Informed consent -- Confidentiality and medical records -- End-of-life issues -- Reproductive issues -- Organ and tissue donation -- Reportable illnesses -- HIV-related issues -- Sexually transmitted diseases (STDs) -- Malpractice -- Doctor/patient relationship -- Doctor and society -- Doctor/doctor relationship -- Experimentation. |
| 650 #2 - SUBJECT ADDED ENTRY--TOPICAL TERM |
| Topical term or geographic name entry element |
Ethics, Medical |
| Form subdivision |
Examination Questions. |
| 650 #2 - SUBJECT ADDED ENTRY--TOPICAL TERM |
| Topical term or geographic name entry element |
Bioethics |
| Form subdivision |
Examination Questions. |
| 653 ## - INDEX TERM--UNCONTROLLED |
| Uncontrolled term |
ეთიკა |
| 653 ## - INDEX TERM--UNCONTROLLED |
| Uncontrolled term |
სამედიცინო ეთიკა |
| 655 #7 - INDEX TERM--GENRE/FORM |
| Genre/form data or focus term |
Electronic books. |
| 700 ## - ADDED ENTRY--PERSONAL NAME |
| 9 (RLIN) |
110 |
| Personal name |
Oneto, Caterina |
| 710 2# - ADDED ENTRY--CORPORATE NAME |
| Corporate name or jurisdiction name as entry element |
McGraw-Hill (Online Service) |
| 856 41 - ELECTRONIC LOCATION AND ACCESS |
| Uniform Resource Identifier |
<a href="https://elibrary.einsteinmed.org/login?url=https://mhebooklibrary.com/doi/book/10.1036/9781259641220 ">https://elibrary.einsteinmed.org/login?url=https://mhebooklibrary.com/doi/book/10.1036/9781259641220 </a> |
| Public note |
EINSTEIN: McGraw-Hill first aid collection |
| 942 ## - ADDED ENTRY ELEMENTS (KOHA) |
| Source of classification or shelving scheme |
|
| Koha item type |
Books |
| Edition |
3 |